| 000 | 00465nam a22001937a 4500 | ||
|---|---|---|---|
| 003 | CEME | ||
| 005 | 20210628202346.0 | ||
| 008 | 210120b xxu||||| |||| 00| 0 eng d | ||
| 020 | _a0-7506-5721-9 | ||
| 040 | _cceme | ||
| 082 | _a621.388 BRI | ||
| 100 |
_aBrice , Richard _959538 |
||
| 245 | _aNewnes guide to digital tv | ||
| 250 | _a2ND | ||
| 260 |
_aGREAT BRITAIN _bNEWNESS _c2003 |
||
| 300 | _aXVI,294P | ||
| 650 |
_aDIGITAL TV _959539 |
||
| 942 |
_cBK _2ddc |
||
| 999 |
_c569492 _d569492 |
||